The social context of an ideology : (Record no. 122622)

MARC details
000 -LEADER
fixed length control field 00893nam a22002537a 4500
005 - DATE AND TIME OF LATEST TRANSACTION
control field 20170124105913.0
010 ## - LIBRARY OF CONGRESS CONTROL NUMBER
LC control number A-708551
020 ## - INTERNATIONAL STANDARD BOOK NUMBER
Terms of availability 350.00
International Standard Book Number 8170363640
035 ## - SYSTEM CONTROL NUMBER
System control number A-708551
037 ## - SOURCE OF ACQUISITION
Source of stock number/acquisition Cen Lib/Ret
040 ## - CATALOGING SOURCE
Original cataloging agency DPL
Language of cataloging EN
082 ## - DEWEY DECIMAL CLASSIFICATION NUMBER
Classification number 305.56
100 ## - MAIN ENTRY--PERSONAL NAME
Personal name Gore, M. S.
9 (RLIN) 1211
245 ## - TITLE STATEMENT
Title The social context of an ideology :
Statement of responsibility, etc by M. S. Gore
Remainder of title Ambedkar's political and social thought /
260 ## - PUBLICATION, DISTRIBUTION, ETC. (IMPRINT)
Place of publication, distribution, etc New Delhi
Name of publisher, distributor, etc Sage Publications
Date of publication, distribution, etc 1993
270 ## - ADDRESS
Address M-32, Greater Kailash Market, Part I
City New Delhi
Postal code 110048
300 ## - PHYSICAL DESCRIPTION
Extent 361p.
Dimensions 22cm(Hb)
500 ## - GENERAL NOTE
General note Includes index
650 ## - SUBJECT ADDED ENTRY--TOPICAL TERM
Topical term or geographic name as entry element Political Science
9 (RLIN) 1212
650 ## - SUBJECT ADDED ENTRY--TOPICAL TERM
Topical term or geographic name as entry element Social thought-Political Science
9 (RLIN) 1213
650 ## - SUBJECT ADDED ENTRY--TOPICAL TERM
Topical term or geographic name as entry element राजनीति विज्ञान
9 (RLIN) 442
650 ## - SUBJECT ADDED ENTRY--TOPICAL TERM
Topical term or geographic name as entry element सामाजिक सोचा-पॉलिटिकल साइंस
9 (RLIN) 1214
942 ## - ADDED ENTRY ELEMENTS (KOHA)
Source of classification or shelving scheme Dewey Decimal Classification
Koha item type English Books
Classification part 305.56
Call number suffix GOR
Holdings
Withdrawn status Lost status Source of classification or shelving scheme Damaged status Not for loan Collection code Home library Current library Date acquired Source of acquisition Cost, normal purchase price Total Checkouts Full call number Barcode Date last seen Copy number Cost, replacement price Price effective from Koha item type Public note
Written off   Dewey Decimal Classification     Non-fiction Central Library Central Library 28/05/2015 Cen Lib/Ret 350.00   305.56 GOR A-708551 28/05/2015 1 350.00 28/05/2015 English Books W/d List 8138/11; dtd 21/2/17

© Delhi Public Library
Hit Counter
free hit counter